000 00672nam a2200205Ia 4500
008 240729s9999 xx 000 0 und d
022 _a1658-7790
245 0 _aJournal of Information Security and Cybercrimes Research
260 _aSaudi Arabia
260 _bNaif University Publishing House
650 _a Comparative law. International uniform law
650 _a Criminal law and procedure | Science
650 _a Cybernetics
650 _a Law in general. Comparative and uniform law. Jurisprudence
650 _a Science (General)
650 _aLaw
856 _uhttps://doaj.org/toc/47a56251bc0c4a5e966cfbe639967fba
942 _2ddc
942 _cDOAJEJ
999 _c73523
_d73523
945 _a1
_bMadushi Gamage
_c1
_dMadushi Gamage